000 00801nam a2200229 u 4500
001 000002951
003 DO-SdBNP
005 20251212085506.0
008 090706s1989 dr d r 000 0 spa d
040 _aDO-SdBNP
_bspa
_cBNPHU
082 4 _a336.20127293
_bD238s
_222
100 1 _aDauhajre, Andrés
_96000
245 1 3 _aEl sistema tributario dominicano :
_bpropuesta de reforma /
_cAndrés Dauhajre, hijo.
260 _aSanto Domingo :
_bFundación Economía y Desarrollo,
_c1989.
300 _a161 p. :
_bii., diagrs. ;
_c23 cm.
490 1 _aFundación Economía y Desarrollo
_v3
590 _aInventariado, 2018/LP
650 0 _aImpuestos
_zRepública Dominicana
_98380
830 0 _aFundación Economía y Desarrollo ;
_n3
_99379
910 _aValidado. Control de calidad MFF
942 _2ddc
_cLBS1
999 _c2783
_d2783